<?xml version="1.0" encoding="UTF-8"?>
<collection xmlns="http://www.loc.gov/MARC21/slim">
    <record>
        <controlfield tag="001">85533</controlfield>
        <controlfield tag="005">20191119144659.0</controlfield>
        <datafield tag="037" ind1=" " ind2=" ">
            <subfield code="a">TAZ-TFG-2019-1954</subfield>
        </datafield>
        <datafield tag="041" ind1=" " ind2=" ">
            <subfield code="a">spa</subfield>
        </datafield>
        <datafield tag="100" ind1="1" ind2=" ">
            <subfield code="a">Guardado Gómez, Pablo</subfield>
        </datafield>
        <datafield tag="242" ind1="0" ind2="0">
            <subfield code="a">Colombia, before and after Álvaro Uribe (2002-2010)</subfield>
        </datafield>
        <datafield tag="245" ind1="0" ind2="0">
            <subfield code="a">Colombia, antes y después de Álvaro Uribe (2002-2010)</subfield>
        </datafield>
        <datafield tag="260" ind1=" " ind2=" ">
            <subfield code="a">Zaragoza</subfield>
            <subfield code="b">Universidad de Zaragoza</subfield>
            <subfield code="c">2019</subfield>
        </datafield>
        <datafield tag="506" ind1=" " ind2=" ">
            <subfield code="a">by-nc-sa</subfield>
            <subfield code="b">Creative Commons</subfield>
            <subfield code="c">3.0</subfield>
            <subfield code="u">http://creativecommons.org/licenses/by-nc-sa/3.0/</subfield>
        </datafield>
        <datafield tag="520" ind1=" " ind2=" ">
            <subfield code="a">Este trabajo tiene por objeto explicar el crecimiento económico y social desarrollado por Colombia durante el Gobierno de Álvaro Uribe a través de algunos factores. En primer lugar, se presentan una serie de indicadores macroeconómicos de crecimiento y progreso para evaluar el desempeño de Colombia y se realiza una comparación con países de la región. A continuación, se comienza analizando la importancia de las medidas tomadas para reducir la violencia y cómo esto influyó en la economía. Después, se habla de la importancia de la estabilidad monetaria y de cómo Colombia fue capaz de reducir la inflación y, como consecuencia, aumentar la inversión y mejorar las relaciones económicas. Otro factor que se analiza es la atracción de inversión extranjera para fortalecer el crecimiento. Unido a los cambios normativos y la creación de Zonas Francas para canalizar esa inversión. El último factor analizado es el comercio exterior. Se habla de los tratados de libre comercio vigentes y aprobados durante este período. No obstante, además de los aspectos positivos, se tienen en cuenta dos aspectos negativos del gobierno de Uribe: la desigualdad y la tasa de desempleo.&lt;br /></subfield>
        </datafield>
        <datafield tag="521" ind1=" " ind2=" ">
            <subfield code="a">Graduado en Administración y Dirección de Empresas</subfield>
        </datafield>
        <datafield tag="540" ind1=" " ind2=" ">
            <subfield code="a">Derechos regulados por licencia Creative Commons</subfield>
        </datafield>
        <datafield tag="700" ind1=" " ind2=" ">
            <subfield code="a">Sanaú Villarroya, Jaime</subfield>
            <subfield code="e">dir.</subfield>
        </datafield>
        <datafield tag="710" ind1="2" ind2=" ">
            <subfield code="a">Universidad de Zaragoza</subfield>
            <subfield code="b"> </subfield>
            <subfield code="c"></subfield>
        </datafield>
        <datafield tag="856" ind1="0" ind2=" ">
            <subfield code="f">589353@celes.unizar.es</subfield>
        </datafield>
        <datafield tag="856" ind1="4" ind2=" ">
            <subfield code="s">460191</subfield>
            <subfield code="u">http://zaguan.unizar.es/record/85533/files/TAZ-TFG-2019-1954.pdf</subfield>
            <subfield code="y">Memoria (spa)</subfield>
        </datafield>
        <datafield tag="909" ind1="C" ind2="O">
            <subfield code="o">oai:zaguan.unizar.es:85533</subfield>
            <subfield code="p">driver</subfield>
            <subfield code="p">trabajos-fin-grado</subfield>
        </datafield>
        <datafield tag="950" ind1=" " ind2=" ">
            <subfield code="a"></subfield>
        </datafield>
        <datafield tag="951" ind1=" " ind2=" ">
            <subfield code="a">deposita:2019-11-19</subfield>
        </datafield>
        <datafield tag="980" ind1=" " ind2=" ">
            <subfield code="a">TAZ</subfield>
            <subfield code="b">TFG</subfield>
            <subfield code="c">ECON</subfield>
        </datafield>
        <datafield tag="999" ind1=" " ind2=" ">
            <subfield code="a">20190625010536.CREATION_DATE</subfield>
        </datafield>
    </record>

    
</collection>